LEADER 01079nam a2200277 i 4500 001 000000172735 003 CaOOAMICUS 005 20080624000000.0 008 080624s1994 it u000 u ita u 013 $a150178 020 $a88-11-59871-0 040 $aSeMil$bita 100 1 $aPaz, Octavio.$0(OLS)http://semarc/name/58351 240 10$aLlama doble.$0(OLS)http://semarc/title/247427 245 13$aLa duplice fiamma :$bamore ed erotismo /$cOctavio Paz. 260 $aMilano :$bGarzanti,$c1994. 300 $a173 p. ;$c21 cm. 490 0 $aSaggi blu 650 4$aAmore [nella] letteratura.$0(OLS)http://semarc/subject/32879 830 0$aSaggi blu.$0(OLS)http://semarc/title/7183 850 $aSeMil 852 $aSeMil$W1$xVenegono$y1$m1U V 40$j236016$B123589$CSeMilBibl$Z2$F134697 $81 961 $aOmaggio: Biblioteca Ambrosiana 996 $6020$a88-11-59871-0$9(OLS)http://semarc/number/160239 996 $6245$aLa duplice fiamma :$bamore ed erotismo$9(OLS)http://semarc/title/247426 996 $6260$aMilano :$bGarzanti$9(OLS)http://semarc/publisher/29852 LEADER 01529nam a2200301 i 4500 001 000000229428 003 CaOOAMICUS 005 20140509000000.0 008 140509s1968 it u000 u eng u 013 $a208330 020 $a0-7220-0527-X 040 $aSeMil$bita 100 1 $aFreyne, Sean.$0(OLS)http://semarc/name/79225 245 14$aThe Twelve :$bdisciples and Apostles. A study in the theology of the first three gospels /$cSean Freyne. 260 $aLondon :$bSheed & Ward,$ccopyr. 1968. 300 $ax, 278 p. ;$c22 cm. 490 0 $aSheed & Ward stagbooks 650 4$aBibbia - NT - Vangeli sinottici.$0(OLS)http://semarc/subject/4737 650 4$aBibbia - NT - Vangeli - Teologia.$0(OLS)http://semarc/subject/26600 650 4$aBibbia. Nuovo Testamento. Vangelo secondo Marco - Discepoli.$0(OLS)http://semarc/subject/30773 650 4$aBibbia. Nuovo Testamento. Vangelo secondo Matteo - Discepoli.$0(OLS)http://semarc/subject/32256 650 4$aBibbia. Nuovo Testamento. Vangelo secondo Luca - Discepoli.$0(OLS)http://semarc/subject/41328 830 0$aSheed & Ward stagbooks.$0(OLS)http://semarc/title/29041 850 $aSeMil 852 $aSeMil$W1$xVenegono$y1$m2Z I 128$j179774$B179774$CSeMilBibl$Z2$F190885 $81 996 $6020$a0-7220-0527-X$9(OLS)http://semarc/number/231834 996 $6245$aThe Twelve :$bdisciples and Apostles. A study in the theology of the first three gospels$9(OLS)http://semarc/title/328157 996 $6260$aLondon :$bSheed & Ward$9(OLS)http://semarc/publisher/44744